[Event "FIDE Chesscom Grand Swiss 2021"]
[Site "Riga"]
[Date "2021.11.04"]
[Round "8.1"]
[White "Firouzja, Alireza"]
[Black "Sasikiran, Krishnan"]
[Result "1-0"]
[WhiteElo "2770"]
[BlackElo "2640"]
[Annotator "TA"]
[PlyCount "85"]
[EventDate "2021.10.27"]
[EventType "swiss"]
[EventCountry "LAT"]
[Tiebreak "Cut1 Buchholz+Sonneborn-Berger (Swiss)"]
[SourceTitle "playchess.com"]
[Source "ChessBase"]
[SourceQuality "1"]

{[%evp 15,85,17,34,1,3,10,10,-41,18,16,46,46,86,75,122,133,139,91,133,150,293,
291,287,292,274,294,279,281,295,285,293,276,293,297,376,379,371,356,351,341,
318,276,467,463,532,514,602,581,600,606,564,536,631,631,1943,1982,2000,1875,
1718,1599,1570,1056,928,961,29974,29975,29975,29976,29976,29977,29986,29977]} 
1. e4 e5 2. Nf3 Nc6 3. Bc4 Bc5 4. c3 Nf6 5. d3 O-O 6. O-O d5 7. exd5 Nxd5 8.
Re1 Bg4 9. Nbd2 {[%cal Bb1d2,Bd2e4,Be4g5,Bg5e6][%mdl 32] C54: Giuoco Piano: 4
c3 Nf6, main lines with 5 d4 and 5 d3.} Nb6 10. h3 Bh5 11. Bb3 $1 {[%mdl 4] is
now more promising than 11.Bb5.} ({Better is} 11. b4 $11 Be7 12. g4) 11... Kh8
(11... Qxd3 $15 12. Bc2 Bxf3 13. Nxf3 Qxd1 14. Bxd1 Rae8) 12. Ne4 $11 Nd7 13.
Bd5 {[#]} f5 $146 {Hoping for ...Bxf3.} ({Predecessor:} 13... Bb6 14. Ng3 Bxf3
15. Qxf3 f5 16. d4 f4 17. Ne4 Qh4 18. Nd2 exd4 19. Nc4 Rad8 20. Bxc6 bxc6 {
1-0 (47) Vachier Lagrave,M (2751)-Swiercz,D (2655) Saint Louis 2021}) 14. Neg5
h6 15. Ne6 {[%mdl 64] Double Attack} Qf6 16. Nxf8 Rxf8 {[#]} 17. d4 $1 {
[%cal Rd4c5]} e4 (17... Bb6 $16) 18. dxc5 $18 Nde5 {[#]} 19. Nxe5 {[%mdl 64]
Discovered Attack} ({Don't play} 19. Bxc6 $6 Nxf3+ 20. gxf3 Bxf3 $18) 19...
Bxd1 20. Nd7 {[%mdl 64] Double Attack} Qd8 21. Bxc6 ({And not} 21. Nxf8 Qxd5
22. Ng6+ Kh7 $14) 21... Re8 22. Rxd1 bxc6 23. Bf4 Qh4 24. Bxc7 e3 25. fxe3 Rxe3
26. Rd4 Qe7 27. Bf4 Re2 28. b4 Qe8 $2 (28... g5 29. Be5+ Rxe5) 29. Rf1 Qe6 30.
Rf2 Rxf2 31. Kxf2 Qxa2+ 32. Bd2 Qe6 33. c4 a6 34. Bf4 Qe7 35. b5 axb5 36. cxb5
Qe6 37. b6 Qb3 38. Kg1 g5 39. Bd2 g4 40. Rb4 {White mates.} Qd1+ 41. Kh2 g3+
42. Kxg3 f4+ 43. Kh2 {Weighted Error Value: White=0.10/Black=0.39} 1-0

[Event "FIDE Chesscom Grand Swiss 2021"]
[Site "Riga"]
[Date "2021.11.04"]
[Round "8.2"]
[White "Vachier-Lagrave, Maxime"]
[Black "Shirov, Alexei"]
[Result "1/2-1/2"]
[WhiteElo "2763"]
[BlackElo "2659"]
[Annotator "TA"]
[PlyCount "95"]
[EventDate "2021.10.27"]
[EventType "swiss"]
[EventCountry "LAT"]
[Tiebreak "Cut1 Buchholz+Sonneborn-Berger (Swiss)"]
[SourceTitle "playchess.com"]
[Source "ChessBase"]
[SourceQuality "1"]

{[%evp 17,95,46,44,11,30,10,28,29,19,-14,-22,-15,-14,-10,-16,-12,0,0,0,0,0,0,0,
0,2,0,6,8,11,5,13,0,0,0,0,0,0,0,0,0,0,0,0,0,0,0,0,0,0,0,0,0,0,0,0,0,0,0,0,0,8,
0,0,0,0,0,0,0,0,0,0,0,0,0,256,241,258,157,148,0]} 1. e4 e5 2. Nf3 Nc6 3. Bb5 a6
4. Ba4 Nf6 5. O-O b5 6. Bb3 Bc5 7. a4 Rb8 8. c3 d6 9. d4 Bb6 10. a5 {C78: Ruy
Lopez: Archangelsk and Möller Defences.} Ba7 (10... Bxa5 $2 11. dxe5 dxe5 12.
Qxd8+ Kxd8 13. Bd5 $18 (13. Bxf7 Bb6 $16)) 11. h3 Bb7 12. Be3 {Hoping for d5.
White has an edge.} Nxe4 13. Nbd2 {[#]} exd4 $146 ({Predecessor:} 13... Nxd2
14. Qxd2 O-O 15. dxe5 dxe5 16. Qxd8 Rbxd8 17. Bxa7 Nxa7 18. Nxe5 Bd5 19. Bc2
Nc6 20. Nxc6 Bxc6 {1-0 (52) Carlsen,M (2855)-Firouzja,A (2754) Stavanger 2021})
14. cxd4 Nxd2 15. Qxd2 O-O 16. Rfe1 Qd7 17. d5 Bxe3 18. Qxe3 Ne5 19. Nxe5 dxe5
20. Qxe5 Rbd8 21. Rac1 Rfe8 22. Qd4 {Strongly threatening Rxe8+.} Rxe1+ 23.
Rxe1 Qd6 ({Don't blunder} 23... Bxd5 $2 24. Qxd5 Qxd5 25. Bxd5 $18) 24. Qe3 (
24. Qa7 {is interesting.} Ba8 25. Rc1 Rc8 26. h4 h6 27. g3) 24... h6 ({Don't
go for} 24... Bxd5 $2 25. Bxd5 g6 26. Bb3 $18) 25. Rd1 Bc8 26. Rc1 {Black must
now prevent Rc6.} Bd7 27. Qg3 Qxg3 28. fxg3 $11 {[%mdl 4096] Endgame KRB-KRB}
Rc8 29. Rf1 Kf8 30. d6 f6 31. Rd1 cxd6 32. Rxd6 Rc1+ 33. Kf2 Bc6 34. Re6 b4 35.
Ke3 Bb5 (35... Ba4 $5 36. Bd5 $8 Rc5 $11) 36. Kd4 Ra1 37. Kc5 Rxa5 38. Rb6 Ke7
(38... Bf1+ {seems wilder.} 39. Kd6 Rb5 40. Rxa6 Bxg2 41. Ra7 g5) 39. Rb7+ Bd7+
40. Kxb4 Re5 41. Ba4 Re4+ 42. Kb3 Rxa4 43. Rxd7+ $1 {[%mdl 64] [#] Remove
Defender} Kxd7 44. Kxa4 {aiming for Ka5. KP-KP} Kc6 45. Ka5 Kb7 {[%mdl 8192]} (
45... Kc5 $11) 46. g4 $18 Ka7 47. h4 Kb7 48. h5 {Weighted Error Value: White=0.
06/Black=0.14} ({White should try} 48. Kb4 $16 Kb6 49. Kc4) 1/2-1/2

[Event "FIDE Chesscom Grand Swiss 2021"]
[Site "Riga"]
[Date "2021.11.04"]
[Round "8.3"]
[White "Grandelius, Nils"]
[Black "Caruana, Fabiano"]
[Result "0-1"]
[WhiteElo "2662"]
[BlackElo "2800"]
[Annotator "TA"]
[PlyCount "136"]
[EventDate "2021.10.27"]
[EventType "swiss"]
[EventCountry "LAT"]
[Tiebreak "Cut1 Buchholz+Sonneborn-Berger (Swiss)"]
[SourceTitle "playchess.com"]
[Source "ChessBase"]
[SourceQuality "1"]

{[%evp 17,136,19,18,0,12,7,2,12,25,0,0,0,40,39,38,34,42,9,36,32,25,0,0,0,0,0,0,
-6,-12,-6,0,0,0,-6,0,-3,10,-16,0,-10,14,-18,-12,-14,-10,-24,-25,-20,-21,-24,
-22,-33,-32,-38,-17,-85,-91,-89,-75,-72,-69,-112,-114,-101,-66,-166,-162,-201,
-177,-188,-170,-300,-258,-258,-258,-258,-258,-249,-54,-49,0,-247,-248,-248,
-248,-395,-96,-71,0,-387,-150,-228,-225,-656,-234,-234,-209,-194,-165,-194,
-194,-194,-183,-183,-183,-183,-183,-224,-216,-231,-209,-183,-172,-156,-137,
-354,-341,-316,-116,-316,-315]} 1. e4 c5 2. Nf3 Nc6 3. Bb5 e6 4. O-O Nge7 5.
Re1 Ng6 6. c3 a6 7. Bf1 Be7 8. d4 cxd4 9. cxd4 d5 10. exd5 {B30: Sicilian: 2...
Nc6 3 Bb5, lines without ...g6.} exd5 11. Nc3 {[%cal Bb1c3,Bc3a4,Ba4c5][%mdl
32]} O-O 12. Be3 {The position is equal.} Be6 {[#]} 13. Na4 $146 ({Predecessor:
} 13. Rc1 Na5 14. Qd2 h6 15. Bd3 Nc4 16. Qc2 Nh4 17. Nxh4 Nxe3 18. Rxe3 Bxh4
19. Rd1 {1/2-1/2 (32) Becerra Rivero,J (2547)-Shabalov,A (2624) Connecticut
2004}) 13... Bb4 14. Bd2 Qd6 15. Bxb4 Qxb4 16. h3 Rae8 17. Nc5 Bc8 (17... Qxb2
$6 18. Re3 $16) 18. Rxe8 Rxe8 19. Qb3 (19. a3 {keeps more tension.} Qb6 20. Qc2
Nf4 21. Rc1 Na7 22. Qc3) 19... Qxb3 20. Nxb3 f6 21. Rc1 Nge7 22. a3 Kf7 23. Bd3
h6 24. Kf1 g5 25. Ng1 h5 26. Ne2 h4 27. Nc3 f5 28. Ne2 Kf6 29. Nd2 Nd8 30. Rc3
Bd7 31. Nb3 (31. Rc7 $2 Bc6 $19) 31... Ne6 32. Nc5 Nxc5 33. Rxc5 Ke6 34. Rc3
Kd6 35. Rb3 b5 36. Rc3 (36. a4 $11 {remains equal.}) 36... Nc6 $17 37. b4 f4 $1
38. Bg6 Ra8 39. Ke1 a5 40. bxa5 Nxa5 41. Ng1 (41. g3 $1 $15) 41... Nc4 $19 42.
Nf3 Nxa3 43. Nxg5 Nc4 $1 {Strongly threatening ...Ra1+.} 44. Nf7+ (44. Bd3 $142
) 44... Ke7 {White must now prevent ...b4.} 45. Ne5 b4 46. Rb3 Ra1+ 47. Ke2
Ra2+ $2 (47... Ba4 $1 $19 {[%cal Ra4b3]} 48. Rxb4 Bd1+ 49. Ke1 Nxe5) 48. Ke1
$15 Ra1+ $2 (48... Nxe5 $15 49. dxe5 Ra6) 49. Ke2 $19 Ba4 $1 50. Rxb4 Bd1+ 51.
Ke1 (51. Kf1 $142) 51... Bc2+ $2 (51... f3 $19 {has better winning chances.}
52. gxf3 (52. Rb7+ $2 Kf6 $19) 52... Nxe5) 52. Ke2 $17 Bd1+ {[%mdl 8192]} (
52... f3+ $1 $17 53. Kxf3 (53. gxf3 Bd1+ 54. Ke1 Nxe5 $17) 53... Nxe5+ 54. dxe5
Bxg6 55. Rxh4 Be4+ 56. Kg3 Ke6) 53. Ke1 $19 Nxe5 $2 (53... f3 $19 {and Black
stays clearly on top. ( -> ...Bc2+)} 54. gxf3 (54. Rb7+ $2 Kf6 $19) 54... Nxe5)
54. Rb1 {[#]} (54. dxe5 $17 f3 55. gxf3 Bc2+ {[%mdl 64] Discovered Attack} 56.
Ke2 Bxg6 57. Rxh4) 54... f3 $1 {[%cal Rf3g2][%mdl 512]} 55. gxf3 (55. Rxa1 $2 {
loses.} fxg2 56. Rxd1 g1=Q+ $19) (55. g3 hxg3 56. fxg3 (56. Rxa1 $2 g2 $19)
56... f2+ 57. Kf1 Rxb1 58. Bxb1) (55. g3 hxg3) 55... Nxg6 $2 (55... Rxb1 56.
Bxb1 Bxf3 57. dxe5 Ke6) 56. Rxa1 Bxf3 57. Kd2 Be4 58. Ke3 Bf5 59. Rh1 Kf6 60.
Rh2 Nh8 61. f3 Ng6 62. Rh1 Be6 63. Rh2 Ne7 64. Kf4 Nf5 65. Rd2 Bd7 66. Rd1 $2 (
66. Kg4 $17 {was necessary.}) 66... Ng3 67. Rd2 {[#]} Nh5+ $1 ({Not} 67... Bxh3
68. Rh2 $17) 68. Ke3 {[#]} Kg5 $1 {Weighted Error Value: White=0.30/Black=0.33}
({Stronger than} 68... Bxh3 69. Rh2 $11) 0-1

[Event "FIDE Chesscom Grand Swiss 2021"]
[Site "Riga"]
[Date "2021.11.04"]
[Round "8.4"]
[White "Vitiugov, Nikita"]
[Black "Ponkratov, Pavel"]
[Result "1-0"]
[WhiteElo "2727"]
[BlackElo "2659"]
[Annotator "TA"]
[PlyCount "51"]
[EventDate "2021.10.27"]
[EventType "swiss"]
[EventCountry "LAT"]
[Tiebreak "Cut1 Buchholz+Sonneborn-Berger (Swiss)"]
[SourceTitle "playchess.com"]
[Source "ChessBase"]
[SourceQuality "1"]

{[%evp 10,51,1,13,39,37,70,77,47,70,69,28,31,16,33,36,27,29,30,22,27,3,18,25,
76,41,112,119,142,125,285,285,291,284,284,279,300,297,533,549,547,550,525,435]
} 1. c4 e5 2. g3 Nf6 3. Bg2 d5 4. cxd5 Nxd5 5. Nf3 Nc6 6. O-O f5 {A20: English
Opening: 1...e5.} (6... Nb6 {is more complex.} 7. b3 Bg4 8. Bb2 Qe7 9. Qc2 f6)
7. Nc3 Nxc3 8. bxc3 {[#]} Bd6 $146 {White is better.} ({Predecessor:} 8... e4
9. Ne1 Bc5 10. d3 Qe7 11. Qc2 exd3 12. exd3 O-O 13. d4 Bd6 14. Nd3 Kh8 {
1-0 (51) Pantsulaia,L (2553)-Ponkratov,P (2623) Chess.com INT 2020}) 9. d4 e4
10. Ng5 h6 11. Nh3 O-O 12. f3 exf3 13. Bxf3 Na5 $1 14. c4 $36 {[%mdl 2048]
White has good play.} Be6 15. d5 Bf7 16. Qd3 c6 (16... Qf6 $11 17. Bd2 b6) 17.
Bd2 $16 Rc8 {[#]} (17... Bb4 $14) 18. Rac1 $1 cxd5 19. cxd5 Kh8 $2 {This costs
Black the game.} (19... Rxc1 $16 {was necessary.} 20. Rxc1 Be8) 20. Rxc8 $18 (
20. Qxf5 Nc4 $14) 20... Qxc8 21. Rc1 (21. Bxa5 Qc5+ 22. Kg2 Qxa5 $14) 21... Qd8
22. Nf4 (22. Qxf5 $6 Be8 $16) 22... b5 {intending ...Nc4.} 23. Qxf5 {[#]
Threatens to win with Be4.} ({Much less strong is} 23. Qxb5 $6 Qb6+ 24. Qxb6
axb6 $18) 23... Bxf4 $2 (23... Be8 24. Ng6+ Bxg6 25. Qxg6 Ba3 26. Bxa5 Qxa5)
24. Qxf4 {White is clearly winning.} ({Not} 24. gxf4 Nc4 $18) 24... Bxd5 25.
Bxa5 Qe8 26. Qd4 {[%mdl 64] Double Attack.  Weighted Error Value: White=0.02/
Black=0.30} ({Don't go for} 26. Bxd5 $2 Rxf4 27. gxf4 Qe3+ {[%mdl 64] Double
Attack} 28. Kg2 Qxc1 $19) 1-0

[Event "FIDE Chesscom Grand Swiss 2021"]
[Site "Riga"]
[Date "2021.11.04"]
[Round "8.5"]
[White "Howell, David W L"]
[Black "Esipenko, Andrey"]
[Result "1-0"]
[WhiteElo "2658"]
[BlackElo "2720"]
[Annotator "TA"]
[PlyCount "125"]
[EventDate "2021.10.27"]
[EventType "swiss"]
[EventCountry "LAT"]
[Tiebreak "Cut1 Buchholz+Sonneborn-Berger (Swiss)"]
[SourceTitle "playchess.com"]
[Source "ChessBase"]
[SourceQuality "1"]

{[%evp 9,125,8,8,15,12,14,13,16,12,16,24,17,29,8,14,0,14,-2,25,14,30,30,30,30,
30,0,41,0,21,0,51,0,0,-33,21,0,0,0,0,0,0,0,0,0,0,0,0,-22,-15,-170,-120,-123,
-127,-164,-146,-174,-105,-93,44,44,48,45,88,78,137,45,45,45,52,58,62,48,66,29,
121,92,103,114,110,113,105,94,194,143,143,143,143,153,153,153,153,153,328,318,
554,568,523,468,424,302,257,191,654,397,402,370,350,362,326,299,29977,29977,
29977,29978,29978,29979,5393,820]} 1. Nf3 d5 2. g3 b6 3. Bg2 Bb7 4. b3 Nf6 5.
Bb2 e6 6. c4 {A07: Réti Opening: New York and Capablanca Systems.} Bd6 7. cxd5
$5 {[%mdl 4] A promising side line.} exd5 8. O-O {The position is equal.} O-O
9. Nc3 a6 10. Rc1 Re8 11. e3 Nbd7 12. d4 Qe7 13. Rc2 $5 {[%mdl 4] [#] Leaves
trodden paths.} b5 $146 ({Predecessor:} 13... Ne4 14. Ne2 Rad8 15. Nf4 a5 16.
Qa1 a4 17. b4 c6 18. a3 Rc8 19. Rfc1 b5 {1-0 (73) Shchekachev,A (2532)
-Fontaine,Q (2367) Cappelle la Grande 2019}) 14. a4 b4 15. Ne2 a5 16. Nf4 Ne4
17. Ne5 Nb6 18. Nc6 Qf6 {White must now prevent ...Bxf4.} 19. Ne5 Qe7 $1 20.
Nc6 (20. Ned3 $14) 20... Qf8 21. Qg4 Bc8 ({Black should play} 21... f5 $15 22.
Qe2 Bxf4 23. gxf4 Ba6) 22. Qf3 (22. Qh5 {is more complex.} g6 23. Qd1 f6 24.
Nd3 Qf7 25. f3) 22... f6 23. Rfc1 Bd7 24. Qh5 g6 25. Qd1 Qf7 26. Bf1 Bxf4 27.
exf4 Re6 28. f3 Nd6 29. Re2 $2 (29. Ne5 $11 fxe5 30. dxe5) 29... Rxe2 30. Qxe2
Re8 31. Qc2 {[#]} Ndc4 {[%mdl 512]} 32. Na7 (32. Nxb4 Ne3) 32... Ra8 33. Nb5
$17 {[#]} Nxb2 (33... c6 $1 $17 {[%cal Rc6b5]} 34. bxc4 cxb5 35. cxb5 Qe6) 34.
Qxb2 $14 (34. Nxc7 Rc8 $1 $15) 34... c6 {[%cal Rc6b5]} 35. Nc7 {[%cal Rc7a8]}
Rc8 36. Na6 Bf5 (36... Re8 $142) 37. Nc5 (37. Rc5 $16) 37... Re8 38. Qd2 Qe7
39. Kf2 Kf7 40. h4 Bc8 41. Bd3 Kg7 (41... Nd7 $11 {remains equal.}) 42. f5 $1
$16 gxf5 (42... Bxf5 $2 43. Bxf5 gxf5 44. Nd3 $18) 43. Bf1 Qd6 {[#]} 44. Nd3 $1
{[%mdl 1024] White has strong compensation.} Bd7 45. Nf4 Qe7 (45... Ra8 $16)
46. Bd3 (46. Rc5 $18) 46... Nc8 47. Nh5+ Kg6 {[#]} 48. g4 {aiming for Qf4.} Qd6
{Hoping for ...Qh2+.} 49. Kg2 Rg8 50. Kh1 h6 $2 (50... Ne7 $16 {might work
better.} 51. Qe3 h6) 51. Re1 Ne7 $2 (51... Qf8 52. Nf4+ Kh7) 52. Qe3 $18 Re8 {
Black hopes to continue with ...Kh7.} 53. Rg1 {White wants to mate with gxf5+.}
Rg8 54. Rg2 ({Not} 54. Re1 Nc8 $18) 54... Kh7 55. Re2 Nc8 (55... Re8 56. g5
fxg5) 56. Kg2 Qf8 57. Ng3 Nd6 58. Qf4 Kg7 {If Black can now play ...fxg4 this
consolidates a bit.} 59. Kf1 ({But not} 59. Nxf5+ $6 Nxf5 60. Bxf5 Bxf5) 59...
fxg4 $2 (59... Kh8 $18 60. Nxf5 Nxf5) 60. Nh5+ Kh8 {[#]} 61. Re7 $3 {[%csl Gd3]
[%cal Re7h7][%mdl 512]} Bf5 62. Bxf5 Nxf5 63. Re6 {Never resign too early! 
Weighted Error Value: White=0.21/Black=0.41} (63. Rd7 $142 Ne3+ 64. Qxe3) 1-0

[Event "FIDE Chesscom Grand Swiss 2021"]
[Site "Riga"]
[Date "2021.11.04"]
[Round "8.6"]
[White "Najer, Evgeniy"]
[Black "Harikrishna, Pentala"]
[Result "1/2-1/2"]
[WhiteElo "2654"]
[BlackElo "2719"]
[Annotator "TA"]
[PlyCount "83"]
[EventDate "2021.10.27"]
[EventType "swiss"]
[EventCountry "LAT"]
[Tiebreak "Cut1 Buchholz+Sonneborn-Berger (Swiss)"]
[SourceTitle "playchess.com"]
[Source "ChessBase"]
[SourceQuality "1"]

{[%evp 23,83,8,4,16,12,18,10,20,17,20,18,15,25,0,27,30,33,32,41,30,35,20,22,8,
37,42,47,31,33,29,29,29,36,24,33,13,14,13,13,14,17,13,11,10,12,12,15,13,16,0,0,
0,0,0,11,0,0,0,0,0,0,0]} 1. d4 d5 2. c4 c6 3. Nf3 Nf6 4. Nc3 e6 5. e3 Nbd7 6.
Qc2 Bd6 7. b3 O-O 8. Be2 e5 9. cxd5 cxd5 10. Nb5 Bb4+ 11. Bd2 Bxd2+ 12. Nxd2 a6
13. dxe5 {D45: Semi-Slav: 5 e3.} Nxe5 14. Nd4 Bg4 15. Bxg4 Nfxg4 16. O-O Rc8 ({
Reject} 16... Qh4 $6 17. h3 $16) 17. Qf5 {[#] aiming for h3.} Re8 {[#]} ({
But not} 17... Qh4 $2 18. h3 $18) 18. h3 $146 ({Predecessor:} 18. N2f3 g6 19.
Qf4 Rc5 20. Nxe5 Nxe5 21. Rfd1 Qe7 22. Kf1 h5 23. h3 Rec8 24. Ne2 {1/2-1/2 (33)
Kozlowski,W (2421)-Neubauer,R (2422) ICCF email 2016}) 18... Nf6 (18... g6 $5 {
[%cal Rg6f5]} 19. Qb1 Nf6 $11) 19. Rac1 Nc6 20. N2f3 Qd6 21. Qb1 Ne4 22. Qb2
Qf6 23. Qa3 (23. Rc2 {with more complications.} Nb4 24. Rxc8 Rxc8 25. a3 Nc6
26. Rc1) 23... Qe7 (23... Nxd4 {is more complex.} 24. Nxd4 g6 25. Qb2 b6 26.
Rc2 Rc5) 24. Qxe7 Nxe7 25. Ne5 Nc5 26. Rfd1 f6 27. Nef3 Kf7 28. Kf1 Ne6 29. Ke2
(29. Rb1 {is interesting.} Nc5 30. Ne2 Ne4 31. Nfd4 h5 32. g3) 29... Rxc1 {
The position is equal.} 30. Rxc1 Rc8 31. Rxc8 Nxc8 32. Nxe6 Kxe6 $11 {[%mdl
4096] Endgame KN-KN} 33. Nd4+ Kd7 34. Kd3 g6 35. g4 Nd6 36. h4 a5 37. Ne2 Nf7
38. f4 Kd6 39. Ng3 Nh6 40. g5 fxg5 41. hxg5 Nf5 42. Nxf5+ {Weighted Error
Value: White=0.06/Black=0.03} 1/2-1/2

[Event "FIDE Chesscom Grand Swiss 2021"]
[Site "Riga"]
[Date "2021.11.04"]
[Round "8.7"]
[White "Dubov, Daniil"]
[Black "Oparin, Grigoriy"]
[Result "0-1"]
[WhiteElo "2714"]
[BlackElo "2654"]
[Annotator "TA"]
[PlyCount "84"]
[EventDate "2021.10.27"]
[EventType "swiss"]
[EventCountry "LAT"]
[Tiebreak "Cut1 Buchholz+Sonneborn-Berger (Swiss)"]
[SourceTitle "playchess.com"]
[Source "ChessBase"]
[SourceQuality "1"]

{[%evp 14,84,0,0,0,0,0,0,6,8,17,0,0,0,0,0,-2,-8,-14,-21,-22,-25,-13,-22,0,-12,
0,-32,0,0,33,22,78,79,69,79,60,0,0,-29,-22,-21,-23,-19,0,-8,0,-47,0,0,0,0,0,0,
0,0,37,41,34,0,0,0,0,0,0,0,0,-466,-450,-570,-562,-533,-514]} 1. Nf3 Nf6 2. d4
d5 3. c4 e6 4. Nc3 Nbd7 5. g3 Be7 6. Bg2 O-O 7. Ne5 c6 8. O-O Nxe5 {E07:
Closed Catalan: Main Line (5 Nf3 0-0 6 0-0 Nbd7).} 9. dxe5 Nd7 10. cxd5 cxd5 {
The position is equal.} 11. e4 dxe4 12. Bxe4 Nxe5 13. Qe2 {[#]} Nc6 $146 ({
Predecessor:} 13... Bf6 14. Rd1 Qa5 15. Bd2 Qb6 16. Be3 Qb4 17. Rac1 a6 18. Bf4
Qa5 19. Bd2 Qb6 {0-1 (51) Chelushkina,I (2261)-Tomin,K (1959) Vrnjacka Banja
2014}) 14. Be3 Nd4 15. Bxd4 $40 {[%mdl 128] White has some attack.} Qxd4 16.
Rfd1 Qb6 17. Rac1 g6 18. h4 Qa5 19. Bf3 Rb8 20. h5 Bg5 21. Rc2 Bf6 22. Ne4 {
[%mdl 1024] White has compensation.} Bg7 (22... Qe5 $11 {keeps the balance.})
23. Qe3 b6 24. h6 Bh8 25. Rc7 (25. Nd6 $1 $14) 25... Qe5 $11 26. Nd6 {Black
must now prevent Qd3.} (26. Rxa7 {is more complex.} Bb7 27. b4 f5 28. Nf6+ Bxf6
29. Qxe5 Bxe5 30. Rxb7 Rxb7 31. Bxb7 Rb8 32. Rd7) 26... Qxe3 27. fxe3 Bxb2 28.
Rxa7 Bf6 29. Ne4 Be5 30. Nd6 Bf6 31. Kf2 b5 32. Bc6 Be5 33. Nxb5 Rb6 34. Rc1
Ba6 35. a4 {[%cal Ba2a4,Ba4a5][%mdl 32]} Rd8 36. a5 Rxc6 {[%mdl 64] [#] Remove
Defender} 37. Rxc6 Bxb5 38. Rc5 Bb8 $1 {[%cal Rb8a7]} 39. Rb7 Ba6 {[%cal Ra6b7]
} 40. Rb6 {[%mdl 8192] [#]} (40. Rb3 $1 $11 Rd2+ 41. Ke1) 40... Ba7 $1 $19 {
[%mdl 64] Skewer. Black is clearly winning.} 41. Rc7 (41. Rcc6 Bxb6) 41... Bxb6
42. axb6 Rb8 {Weighted Error Value: White=0.26/Black=0.09} 0-1

[Event "FIDE Chesscom Grand Swiss 2021"]
[Site "Riga"]
[Date "2021.11.04"]
[Round "8.8"]
[White "Fedoseev, Vladimir"]
[Black "Anton Guijarro, David"]
[Result "0-1"]
[WhiteElo "2704"]
[BlackElo "2658"]
[Annotator "TA"]
[PlyCount "134"]
[EventDate "2021.10.27"]
[EventType "swiss"]
[EventCountry "LAT"]
[Tiebreak "Cut1 Buchholz+Sonneborn-Berger (Swiss)"]
[SourceTitle "playchess.com"]
[Source "ChessBase"]
[SourceQuality "1"]

{[%evp 13,134,20,27,7,16,14,10,1,0,8,22,14,21,31,21,31,29,0,0,0,0,-19,-15,-14,
-18,-70,-79,-71,-61,-74,-66,-77,-63,-144,-128,-147,-122,-208,-193,-275,-247,
-235,-210,-272,-265,-270,-264,-409,-421,-388,-284,-316,-242,-277,-277,-289,
-244,-225,-253,-236,-240,-424,-206,-247,-235,-254,-252,-252,-243,-243,-243,
-222,-211,-195,-189,-265,-256,-266,-267,-417,-397,-443,-443,-435,-427,-429,
-372,-891,-891,-877,-847,-800,-753,-1143,-1127,-1106,-1131,-1125,-1048,-1061,
-975,-812,-946,-830,-743,-29961,-29965,-29964,-29966,-12829,-7238,-5624,-5437,
-29974,-29975,-29975,-29976,-29976,-29977,-29977,-29977,-29973,-29968]} 1. e4
e5 2. Nf3 Nc6 3. Bb5 a6 4. Ba4 Nf6 5. O-O Be7 6. d3 b5 7. Bb3 d6 {7...d6
scores better than 7...0-0.} 8. a3 {C84: Closed Ruy Lopez: Unusual White 6th
moves.} Na5 9. Ba2 c5 10. Nc3 {The position is equal.} Be6 11. Nh4 c4 $5 {
[%mdl 4] An interesting side line.} 12. Nf5 Bxf5 13. exf5 d5 14. Bg5 O-O 15.
Qf3 e4 16. dxe4 dxe4 17. Qh3 {[#]} Re8 $5 $146 {[%mdl 8] An interesting
novelty.} ({Predecessor:} 17... Qc7 18. Rae1 Rfe8 19. Bb1 Rad8 20. Bxf6 Bxf6
21. Nxe4 Bxb2 22. f6 Qd7 23. Qg3 g6 {1/2-1/2 (39) Nepomniachtchi,I (2784)
-Carlsen,M (2862) chess24.com INT 2020}) 18. Rad1 Qc7 19. a4 (19. Qg3 $11 Qc6
20. Bxf6 Bxf6 21. Nd5) 19... Qc6 $15 20. axb5 axb5 21. Bb1 Nb7 {Black keeps a
firm grip on the game.} 22. Ne2 Nc5 23. Rd4 ({White should try} 23. b3 $15)
23... h6 $17 24. Be3 Nd5 25. Rfd1 (25. Nf4 $17 Nxe3 26. Qxe3) 25... Rad8 $19
26. Nf4 (26. R4d2 $142) 26... Nxe3 27. Qxe3 Rxd4 28. Rxd4 Bg5 29. g3 {[#]} Nd3
$1 {[%mdl 512]} 30. cxd3 (30. h4 $142 Bf6 31. Nd5 Bxd4 32. Qxd4) 30... exd3 31.
Qc1 {Threatens to win with Rxd3!} Qb6 32. Rd5 Bxf4 ({Less strong is} 32... Re2
33. Nxe2 Bxc1 34. Nxc1 $17) 33. gxf4 Re2 34. Qf1 Rxb2 35. Bxd3 cxd3 36. Rxd3 {
[%mdl 4096] Endgame KQR-KQR} Rc2 {Hoping for ...b4.} 37. h3 $2 (37. Re3) 37...
Rc5 (37... b4 $142 {White must now prevent ...b3.} 38. Rb3 Rc3) 38. Qd1 Rxf5
39. Rd6 {[#]} Qc7 40. Qd2 Qc4 41. Rd4 Qc6 42. Qd3 {[#]} Qg6+ 43. Kh1 Kh7 44.
Kh2 (44. Qc2 $142) 44... Rc5 45. Qxg6+ Kxg6 {KR-KR} 46. Rd7 (46. Re4 {was
worth a try.}) 46... Kf6 47. Rb7 Rf5 48. Kg3 Ke6 49. Kg4 g6 50. h4 $2 (50. Rb6+
Kd7 51. Kf3) 50... h5+ 51. Kf3 Kd6 52. Ke3 Kc5 53. Re7 Kc4 54. Re4+ Kc3 55. Ke2
b4 56. Kd1 Rd5+ 57. Kc1 b3 {( -> ...b2+)} 58. Re1 Rd2 59. f5 gxf5 60. f4 Rf2
61. Re3+ Kc4 62. Re7 Rxf4 63. Rxf7 Rf1+ {Black mates.} 64. Kb2 Rf2+ 65. Kb1 f4
66. Rc7+ Kd3 67. Rb7 b2 {Weighted Error Value: White=0.49/Black=0.11} 0-1